000
00321nam a2200133Ia 4500
005
20251222141816.0
008
251222s9999||||xx |||||||||||||| ||spa||
082
_a
263/E16
100
_a
Echevarria, Lamberto de
245
0
_a
Año Cristiano II:
250
_a
2a. ed.
264
_b
Editorial Católica, S.A.
942
_c
LIB
999
_c
6635
_d
6635